Análisis de Keynes y de la economía Keynesiana (Registro nro. 4297)

Detalles MARC
000 -LEADER
fixed length control field 01126 a2200241 4500
001 - CONTROL NUMBER
control field 47156
005 - DATE AND TIME OF LATEST TRANSACTION
control field 20260407155740.0
008 - FIXED-LENGTH DATA ELEMENTS--GENERAL INFORMATION
fixed length control field 260407a1968 arg spa d
003 - CONTROL NUMBER IDENTIFIER
control field AR-UNSa-BCEJYS
040 ## - CATALOGING SOURCE
Original cataloging agency AR-UNSa-BCEJYS
Language of cataloging spa
Transcribing agency AR-UNSa-BCEJYS
080 ## - UNIVERSAL DECIMAL CLASSIFICATION NUMBER
Universal Decimal Classification number 330.834
Common auxiliary subdivision Keynes y el keynesianismo. Neokeynesianismo. Poskeynesianismo
020 ## - INTERNATIONAL STANDARD BOOK NUMBER
International Standard Book Number 978-84-316-1422-5
100 1# - MAIN ENTRY--PERSONAL NAME
Personal name Leijonhufvud, Axel
245 10 - TITLE STATEMENT
Title Análisis de Keynes y de la economía Keynesiana
Name of part/section of a work un estudio de teoría monetaria
264 #1 - PRODUCTION, PUBLICATION, DISTRIBUTION, MANUFACTURE, AND COPYRIGHT NOTICE
Place of production, publication, distribution, manufacture Barcelona :
Name of producer, publisher, distributor, manufacturer Vicens-Vives
Date of production, publication, distribution, manufacture, or copyright notice 1968
300 ## - PHYSICAL DESCRIPTION
Extent 392 p.
Dimensions 22 cm.
505 ## - FORMATTED CONTENTS NOTE
Formatted contents note 1. Introducción - 2. Desequilibrio con paro:procesos dinámicos y el método estático comparativo - 3. La estructura agregada de modelos alternativos - 4. La teoría general de la preferencia por la liquidez - 5. Keynes y la teoría monetaria Poskeynesiana - 6. Dos apéndice -
590 ## - LOCAL NOTE (RLIN)
Local note niveau_biblio:m niveau_hierar:0
700 1# - ADDED ENTRY--PERSONAL NAME
Personal name Aubareda Vives, José
700 1# - ADDED ENTRY--PERSONAL NAME
Personal name Marquillas, Juan María Esteban
856 41 - ELECTRONIC LOCATION AND ACCESS
Uniform Resource Identifier <a href="https://www.biblioeco.unsa.edu.ar/pmb/images/libros/L127404.jpg">https://www.biblioeco.unsa.edu.ar/pmb/images/libros/L127404.jpg</a>
Link text Imagen de portada
Electronic format type image/jpeg
942 ## - ADDED ENTRY ELEMENTS (KOHA)
Koha item type
Existencias
Withdrawn status Lost status Damaged status Not for loan Home library Current library Shelving location Date acquired Total checkouts Full call number Barcode Date last seen Price effective from Koha item type
        Biblioteca Prof. Eusebio Cleto del Rey Biblioteca Prof. Eusebio Cleto del Rey   07/04/2026   330.834 L525 L127404 07/04/2026 07/04/2026 Libro